000 00415nam a22001691a 4500
001 6810
003 OSt
005 20260204212105.0
008 060724s1993||||sp ||||||b||||||||||spa||
050 _a861.44 I1a
100 _aDe Ibarborerou, Juana
245 _aAntología poética / Juana De Ibarborerou
264 _aEspaña : Vasgos
300 _a127 p
650 _aAntología Poética I-tilÌ
942 _2ddc
_cBK
999 _c6810
_d6810